| 000 | 00489nam a2200133Ia 4500 | ||
|---|---|---|---|
| 008 | 170221s9999 xx 000 0 und d | ||
| 100 | _aHenry Elrod | ||
| 245 | _aFraudulent financial reporting and cash flows | ||
| 245 | _cHenry Elrod, University of the Incarnate Word; Megan Jacqueline Gorhum, University of the Incarnate Word. | ||
| 260 | _bJournal of Management and Marketing Research | ||
| 260 | _c2013 | ||
| 650 | _xBusiness | ||
| 856 | _uhttp://www.aabri.com/manuscripts/121217.pdf | ||
| 999 |
_c309542 _d309542 |
||